Statistics for Spirited Away Names

Click here to take the quiz!

General Stats

  • This quiz has been taken 202 times
  • The average score is 6 of 12

Answer Stats

Hint Answer % Correct
Chihiro's dragon friendHaku
94%
Person who runs the bath-houseYubaba
83%
What Chihiro is renamedSen
78%
The masked spirit who follows ChihiroNo-Face
75%
The worker at the bath-house who helps ChihiroLin
46%
The river that Haku is the spirit ofKohaku
44%
Yubaba's twin sisterZeniba
37%
The boiler-manKamaji
35%
The spirit that hides Chihiro in the elevatorRadish Spirit
33%
Yubaba's sonBoh
15%
Chihiro's last nameOgino
12%
Chihiro's best friendRumi
8%

Score Distribution

Percentile by Number Answered

Percent of People with Each Score

Your Score History

You have not taken this quiz